[Event "29th Rubinstein Memorial"]
[Site "Polanica Zdroj POL"]
[Date "1992.08.??"]
[Round "1"]
[White "Cebalo, Miso"]
[Black "Chernin, Alexander"]
[WhiteElo "2500"]
[BlackElo "2600"]
[Result "1/2-1/2"]
[EventDate "1992.08.14"]
[PlyCount "47"]
1. d4 d5 2. Nf3 c6 3. c4 Nf6 4. Nc3 dxc4 5. a4 Bf5 6. e3 e6 7. Bxc4 Bb4 8. O-O Nbd7 9. Nh4 Bg6 10. g3 a5 11. Qb3 Qc7 12. f3 O-O 13. e4 Nb6 14. Be2 e5 15. dxe5 Qxe5 16. Ng2 Nfd7 17. Be3 Bc5 18. Rfd1 Bxe3+ 19. Nxe3 Qc5 20. Na2 Kh8 21. Rac1 Qe7 22. Bf1 f6 23. Qc2 Rfd8 24. Kf2 1/2-1/2

[Event "29th Rubinstein Memorial"]
[Site "Polanica Zdroj POL"]
[Date "1992.08.??"]
[Round "1"]
[White "Mainka, Romuald"]
[Black "Cifuentes Parada, Roberto"]
[WhiteElo "2550"]
[BlackElo "2490"]
[Result "1/2-1/2"]
[EventDate "1992.08.14"]
[PlyCount "49"]
1. e4 c5 2. Nf3 d6 3. d4 cxd4 4. Nxd4 Nf6 5. Nc3 Nc6 6. Bg5 Bd7 7. Bxf6 gxf6 8. Be2 Rg8 9. g3 Nxd4 10. Qxd4 f5 11. exf5 Bg7 12. Qb4 Bxf5 13. O-O Bxc3 14. Qxc3 Rc8 15. Qe3 Rxc2 16. Bd3 Bxd3 17. Qxd3 Qc7 18. Qxh7 Rg6 19. b4 Qc3 20. Rae1 Rxf2 21. Rxe7+ Kxe7 22. Rxf2 Qe1+ 23. Rf1 Qe3+ 24. Rf2 Qe1+ 25. Rf1 1/2-1/2

[Event "29th Rubinstein Memorial"]
[Site "Polanica Zdroj POL"]
[Date "1992.08.??"]
[Round "2"]
[White "Cifuentes Parada, Roberto"]
[Black "Chernin, Alexander"]
[WhiteElo "2490"]
[BlackElo "2600"]
[Result "1/2-1/2"]
[EventDate "1992.08.14"]
[PlyCount "38"]
1. e4 e6 2. d3 d5 3. Nd2 c5 4. Ngf3 Bd6 5. g3 Ne7 6. Bg2 Nbc6 7. O-O O-O 8. Re1 Qc7 9. c3 d4 10. Nc4 e5 11. cxd4 cxd4 12. Bd2 f6 13. b4 b5 14. Nxd6 Qxd6 15. a4 Rb8 16. a5 Be6 17. Qb1 Rbc8 18. Qb2 Nb8 19. Rec1 h6 1/2-1/2

[Event "29th Rubinstein Memorial"]
[Site "Polanica Zdroj POL"]
[Date "1992.08.??"]
[Round "2"]
[White "Flear, Glenn Curtis"]
[Black "Gdanski, Jacek"]
[WhiteElo "2505"]
[BlackElo "2500"]
[Result "1-0"]
[EventDate "1992.08.14"]
[PlyCount "72"]
1. d4 Nf6 2. c4 c5 3. d5 g6 4. Nc3 d6 5. e4 Bg7 6. Nf3 O-O 7. h3 e6 8. Bd3 exd5 9. exd5 Re8+ 10. Be3 Nbd7 11. O-O Nh5 12. Qd2 Ne5 13. Be2 Bd7 14. Ng5 h6 15. Nf3 Kh7 16. g4 Nxf3+ 17. Bxf3 Qh4 18. Bg2 Bxg4 19. hxg4 Qxg4 20. Rac1 Qxc4 21. Ne4 Qa6 22. Rfe1 f5 23. Bf1 Qa4 24. Nxd6 Qg4+ 25. Bg2 f4 26. Qd1 Qg5 27. Bd2 Rxe1+ 28. Qxe1 Qh4 29. Bc3 f3 30. Bxf3 Nf4 31. Qe3 Nh3+ 32. Kf1 Rf8 33. Bxg7 Kxg7 34. Rxc5 Qf6 35. Rc7+ Kg8 36. Qe6+ Kh8 1-0

[Event "29th Rubinstein Memorial"]
[Site "Polanica Zdroj POL"]
[Date "1992.08.??"]
[Round "2"]
[White "Mainka, Romuald"]
[Black "Kuczynski, Robert"]
[WhiteElo "2550"]
[BlackElo "2525"]
[Result "1/2-1/2"]
[EventDate "1992.08.14"]
[PlyCount "213"]
1. e4 c5 2. Nf3 d6 3. d4 cxd4 4. Nxd4 Nf6 5. Nc3 a6 6. Be3 e5 7. Nf3 Qc7 8. a4 Be7 9. a5 O-O 10. Be2 Nc6 11. Bb6 Qd7 12. Nd2 d5 13. exd5 Nxd5 14. Nxd5 Qxd5 15. O-O Be6 16. c3 Bd8 17. Nc4 Bxb6 18. Nxb6 Qxd1 19. Raxd1 Rad8 20. b4 f5 21. Na4 Rxd1 22. Bxd1 Rc8 23. Nc5 Nd8 24. Ba4 Kf7 25. Rd1 Ke7 26. f3 g5 27. Kf2 h5 28. Rd3 h4 29. g3 h3 30. Ke1 Rb8 31. Kd2 Bc8 32. Bd7 Ne6 33. Nxe6 Bxd7 34. Nxg5 Bc6 35. f4 e4 36. Rd4 Rc8 37. c4 Rg8 38. Ke3 Rb8 39. c5 Bd7 40. Rd6 Rh8 41. Kd4 Rd8 42. Ke3 Rh8 43. Kf2 Bc8 44. Rd4 Rh5 45. Rd5 Rh8 46. Ke3 Rg8 47. Rd6 Rh8 48. g4 fxg4 49. Nxe4 Bd7 50. Kf2 Bf5 51. Nf6 Be6 52. Nd5+ Kf7 53. Kg3 Bc8 54. Nb6 Bf5 55. Nd7 Ke7 56. Ne5 Rg8 57. Rb6 Bc8 58. c6 bxc6 59. Nxc6+ Kf7 60. Rb8 Re8 61. Ne5+ Ke7 62. Ra8 Kd6 63. Ra7 Rg8 64. Nf7+ Kc6 65. Re7 Rf8 66. Nh6 Rh8 67. Nf7 Rg8 68. Ra7 Re8 69. Ne5+ Kb5 70. Ra8 Kxb4 71. Rb8+ Kc5 72. Nxg4 Kd6 73. Rb6+ Ke7 74. Rg6 Rd8 75. Kxh3 Rd5 76. Rg5 Bf5 77. Kg3 Rxa5 78. Ne3 Ke6 79. h4 Ra3 80. Kf3 Bb1 81. h5 Rb3 82. h6 Kf7 83. Rg7+ Kf8 84. Ra7 Kg8 85. Rxa6 Kh7 86. Rf6 Bg6 87. Re6 Bf5 88. Rd6 Bg6 89. Kf2 Rb2+ 90. Kg3 Rb3 91. Kf3 Ra3 92. Rb6 Bd3 93. Kf2 Ra6 94. Rb3 Be4 95. Rb4 Bd3 96. Ng4 Bf5 97. Rb7+ Kg8 98. Ne3 Be4 99. Re7 Bd3 100. Rg7+ Kh8 101. Rd7 Bb1 102. Rb7 Ba2 103. Rb2 Bg8 104. Ng4 Rg6 105. Ne5 Rxh6 106. Kg3 Be6 107. Rb7 1/2-1/2

[Event "29th Rubinstein Memorial"]
[Site "Polanica Zdroj POL"]
[Date "1992.08.??"]
[Round "3"]
[White "Kuczynski, Robert"]
[Black "Cifuentes Parada, Roberto"]
[WhiteElo "2525"]
[BlackElo "2490"]
[Result "1/2-1/2"]
[EventDate "1992.08.14"]
[PlyCount "63"]
1. e4 c5 2. Nf3 Nc6 3. Bb5 e6 4. O-O Nge7 5. Nc3 a6 6. Bxc6 Nxc6 7. d4 cxd4 8. Nxd4 d6 9. Re1 Be7 10. Nxc6 bxc6 11. Qg4 g6 12. b3 O-O 13. Bh6 e5 14. Qg3 Re8 15. Rad1 Be6 16. Na4 Qc7 17. c4 Kh8 18. Be3 f6 19. f4 Rab8 20. fxe5 fxe5 21. Bg5 Rbd8 22. Bxe7 Rxe7 23. h3 Kg8 24. Qe3 Rf7 25. Nc3 Qe7 26. Rf1 Rxf1+ 27. Rxf1 c5 28. Qd2 Rf8 29. Rd1 Qh4 30. Qe3 Qe7 31. Qd2 Qh4 32. Qe3 1/2-1/2

[Event "29th Rubinstein Memorial"]
[Site "Polanica Zdroj POL"]
[Date "1992.08.??"]
[Round "4"]
[White "Flear, Glenn Curtis"]
[Black "Chernin, Alexander"]
[WhiteElo "2505"]
[BlackElo "2600"]
[Result "1/2-1/2"]
[EventDate "1992.08.14"]
[PlyCount "30"]
1. d4 d5 2. c4 c6 3. Nf3 Nf6 4. e3 Bg4 5. h3 Bh5 6. cxd5 Bxf3 7. Qxf3 cxd5 8. Nc3 Nc6 9. Bd2 e6 10. Rc1 Rc8 11. Bd3 Bd6 12. O-O O-O 13. Na4 Qe7 14. Rfd1 Rfd8 15. Be1 e5 1/2-1/2

[Event "29th Rubinstein Memorial"]
[Site "Polanica Zdroj POL"]
[Date "1992.08.??"]
[Round "4"]
[White "Kuczynski, Robert"]
[Black "Kaminski, Marcin"]
[WhiteElo "2525"]
[BlackElo "2440"]
[Result "1/2-1/2"]
[EventDate "1992.08.14"]
[PlyCount "53"]
1. e4 c5 2. Nf3 d6 3. d4 cxd4 4. Nxd4 Nf6 5. Nc3 a6 6. a4 e6 7. Be2 Be7 8. O-O O-O 9. f4 Qc7 10. Kh1 b6 11. Qd3 Bb7 12. Qh3 Nc6 13. Nxc6 Bxc6 14. Bd3 d5 15. e5 Ne4 16. Be3 g6 17. Bd4 Bc5 18. Ne2 Qd7 19. b3 Bb7 20. Rad1 Qc6 21. Qe3 Rfd8 22. Ra1 Rac8 23. Rf3 Nc3 24. Bxc5 Qxc5 25. Nd4 Ne4 26. Rd1 b5 27. axb5 1/2-1/2

[Event "29th Rubinstein Memorial"]
[Site "Polanica Zdroj POL"]
[Date "1992.08.??"]
[Round "5"]
[White "Gdanski, Jacek"]
[Black "Mainka, Romuald"]
[WhiteElo "2500"]
[BlackElo "2550"]
[Result "1/2-1/2"]
[EventDate "1992.08.14"]
[PlyCount "75"]
1. e4 c5 2. Nf3 d6 3. d4 cxd4 4. Nxd4 Nf6 5. Nc3 e6 6. g4 Nc6 7. g5 Nd7 8. Be3 Be7 9. h4 O-O 10. Qh5 a6 11. O-O-O Nxd4 12. Bxd4 b5 13. Bd3 Ne5 14. f4 Nxd3+ 15. cxd3 b4 16. Ne2 e5 17. Be3 b3 18. a3 d5 19. Kb1 dxe4 20. dxe4 Qc7 21. Rc1 Qb7 22. Qf3 Bg4 23. Qxg4 Qxe4+ 24. Ka1 Qxe3 25. Rh3 Qb6 26. fxe5 Bxa3 27. Qa4 Bb4 28. Rxb3 Rab8 29. Rc4 a5 30. Qc6 Qf2 31. Nc1 Qh2 32. Nd3 Rbd8 33. Ka2 Rfe8 34. Qc7 Qe2 35. Rf4 Be7 36. Qc4 Rf8 37. Qe4 Qxe4 38. Rxe4 1/2-1/2

[Event "29th Rubinstein Memorial"]
[Site "Polanica Zdroj POL"]
[Date "1992.08.??"]
[Round "5"]
[White "Kaminski, Marcin"]
[Black "Cifuentes Parada, Roberto"]
[WhiteElo "2440"]
[BlackElo "2490"]
[Result "1/2-1/2"]
[EventDate "1992.08.14"]
[PlyCount "72"]
1. e4 e5 2. Nf3 d6 3. d4 Nf6 4. Nc3 Nbd7 5. Bc4 Be7 6. O-O O-O 7. a4 c6 8. Qe2 exd4 9. Nxd4 Nc5 10. Ba2 a5 11. Qf3 Qb6 12. Nb3 Na6 13. Be3 Qc7 14. Nd2 Nb4 15. Bb3 Be6 16. Rac1 d5 17. Bf4 Qd7 18. exd5 cxd5 19. h3 Rac8 20. Nb5 Bf5 21. Nd6 Bxd6 22. Bxd6 Rfe8 23. Bxb4 axb4 24. Qf4 Ne4 25. Nxe4 Rxe4 26. Qd2 Be6 27. Rfe1 Rxe1+ 28. Rxe1 Qd6 29. Re3 d4 30. Rd3 Rd8 31. Bxe6 fxe6 32. Rb3 Rc8 33. Qxb4 Qxb4 34. Rxb4 Rxc2 35. Rxd4 Rxb2 36. Rd7 Rb4 1/2-1/2

[Event "29th Rubinstein Memorial"]
[Site "Polanica Zdroj POL"]
[Date "1992.08.??"]
[Round "6"]
[White "Kuczynski, Robert"]
[Black "Gdanski, Jacek"]
[WhiteElo "2525"]
[BlackElo "2500"]
[Result "1-0"]
[EventDate "1992.08.14"]
[PlyCount "81"]
1. e4 e5 2. Nf3 Nf6 3. Nxe5 d6 4. Nf3 Nxe4 5. d4 d5 6. Bd3 Bd6 7. O-O O-O 8. c4 Be6 9. Re1 Re8 10. c5 Bf8 11. Nc3 Bf5 12. Qb3 Nc6 13. Qxb7 Nxc3 14. Qxc6 Bxd3 15. bxc3 Rxe1+ 16. Nxe1 Be4 17. Bf4 Rc8 18. Nf3 Qe8 19. Qxe8 Rxe8 20. Bxc7 f6 21. Re1 Rc8 22. Bg3 Kf7 23. Re2 Rc6 24. Rb2 Ra6 25. Nd2 Bd3 26. f3 Ke6 27. Kf2 Ra3 28. Nb3 Kd7 29. Ke3 Bc4 30. h4 g6 31. Bf4 h6 32. Kd2 g5 33. hxg5 hxg5 34. Be3 Be7 35. g4 Bd8 36. f4 gxf4 37. Bxf4 a5 38. Nc1 a4 39. Kc2 Ba5 40. Bd2 Kc7 41. Rb6 1-0

[Event "29th Rubinstein Memorial"]
[Site "Polanica Zdroj POL"]
[Date "1992.08.??"]
[Round "7"]
[White "Cebalo, Miso"]
[Black "Kuczynski, Robert"]
[WhiteElo "2500"]
[BlackElo "2525"]
[Result "1-0"]
[EventDate "1992.08.14"]
[PlyCount "101"]
1. d4 d5 2. Nf3 c6 3. c4 Nf6 4. Nc3 e6 5. Bg5 h6 6. Bxf6 Qxf6 7. e3 Nd7 8. Bd3 dxc4 9. Bxc4 Bd6 10. O-O Qe7 11. Ne4 Bc7 12. Rc1 O-O 13. Bb3 Rd8 14. Qe2 Nf8 15. Ne5 Rb8 16. f4 f6 17. Nd3 Kh8 18. Ndc5 a5 19. a3 Ra8 20. Qc2 b6 21. Nd3 Bd7 22. Qc4 Rac8 23. Ba2 Be8 24. b4 Bg6 25. Nef2 Bd6 26. Rfd1 axb4 27. axb4 Ra8 28. Bb3 Ra3 29. e4 Bb8 30. Ra1 Rxa1 31. Rxa1 Be8 32. e5 Qd7 33. f5 Qxd4 34. Qxd4 Rxd4 35. Ra8 Rd8 36. fxe6 Ng6 37. Ne4 fxe5 38. Kf1 Kh7 39. Bc2 c5 40. Nxe5 cxb4 41. e7 Rc8 42. Rxb8 Rxb8 43. Nd6 b3 44. Be4 Kg8 45. Nxg6 b2 46. Ke2 Bc6 47. Bxc6 b1=Q 48. Bd5+ Kh7 49. Nf8+ Kh8 50. Nf7+ Kg8 51. Ne5+ 1-0

[Event "29th Rubinstein Memorial"]
[Site "Polanica Zdroj POL"]
[Date "1992.08.??"]
[Round "7"]
[White "Chernin, Alexander"]
[Black "Mainka, Romuald"]
[WhiteElo "2600"]
[BlackElo "2550"]
[Result "1-0"]
[EventDate "1992.08.14"]
[PlyCount "79"]
1. d4 Nf6 2. c4 c5 3. d5 b5 4. cxb5 a6 5. f3 Qa5+ 6. Bd2 Qxb5 7. Na3 Qb7 8. e4 e6 9. Bc3 d6 10. Qa4+ Nbd7 11. dxe6 fxe6 12. Nh3 d5 13. Ng5 d4 14. Bd2 Ke7 15. Nc4 h6 16. Nh3 Kf7 17. Bd3 Qb8 18. O-O Nb6 19. Qc2 Nxc4 20. Bxc4 Nd7 21. f4 Nb6 22. f5 Nxc4 23. fxe6+ Kg8 24. Qxc4 Be7 25. Rf7 Qxb2 26. Rd1 Ra7 27. Nf4 Qb5 28. Qd5 c4 29. Ng6 Qxd5 30. exd5 Bc5 31. Nxh8 Kxh8 32. Rxa7 Bxa7 33. Kf1 Kh7 34. Be1 c3 35. Ke2 Kg6 36. Kd3 Kf6 37. Bxc3 dxc3 38. Rf1+ Ke5 39. Rf8 Bxe6 40. dxe6 1-0

[Event "29th Rubinstein Memorial"]
[Site "Polanica Zdroj POL"]
[Date "1992.08.??"]
[Round "7"]
[White "Gdanski, Jacek"]
[Black "Kaminski, Marcin"]
[WhiteElo "2500"]
[BlackElo "2440"]
[Result "1-0"]
[EventDate "1992.08.14"]
[PlyCount "105"]
1. e4 c5 2. Nc3 d6 3. f4 g6 4. Nf3 Bg7 5. Bc4 e6 6. O-O Nc6 7. d3 Nf6 8. e5 dxe5 9. fxe5 Nxe5 10. Nxe5 Qd4+ 11. Kh1 Qxe5 12. Bf4 Qh5 13. Bd6 Qxd1 14. Raxd1 a6 15. Bxc5 Nd7 16. Bd6 Be5 17. Ne4 b5 18. Bb3 Bxb2 19. d4 f5 20. Ng5 Nf8 21. Rfe1 a5 22. h4 Ra6 23. Bxf8 Kxf8 24. Bxe6 Bxe6 25. Nxe6+ Kf7 26. d5 Rd6 27. Ng5+ Kf6 28. Rb1 Bd4 29. Rxb5 Bf2 30. Rf1 h6 31. Nf3 Bg3 32. c4 Rc8 33. Nd2 Ke5 34. Rxa5 g5 35. h5 g4 36. Ra3 f4 37. Rd1 Rb6 38. Nf1 Rxc4 39. Nxg3 fxg3 40. Rxg3 Rd6 41. Re3+ Kf4 42. Re6 Rd8 43. Rxh6 Kg5 44. Re6 g3 45. Rg6+ Kh4 46. d6 Re4 47. h6 Rde8 48. Rf6 Kg5 49. Rf3 Kxh6 50. Rxg3 Re1+ 51. Rxe1 Rxe1+ 52. Kh2 Rd1 53. a4 1-0

[Event "29th Rubinstein Memorial"]
[Site "Polanica Zdroj POL"]
[Date "1992.08.??"]
[Round "7"]
[White "Kortschnoj, Viktor"]
[Black "Cifuentes Parada, Roberto"]
[WhiteElo "2575"]
[BlackElo "2490"]
[Result "1/2-1/2"]
[EventDate "1992.08.14"]
[PlyCount "112"]
1. c4 e6 2. g3 d5 3. Bg2 Nf6 4. Nf3 dxc4 5. Qa4+ Nbd7 6. Qxc4 c5 7. Qb3 Rb8 8. d3 Bd6 9. a4 b6 10. Nc3 a6 11. O-O Bb7 12. Rd1 O-O 13. d4 Qe7 14. Bg5 h6 15. Bxf6 Nxf6 16. e3 Rfd8 17. Qc4 Rbc8 18. Qe2 cxd4 19. Nxd4 Be5 20. Bxb7 Qxb7 21. Rd2 Bxd4 22. Rxd4 Rxd4 23. exd4 Rd8 24. Rd1 Nd5 25. Qf3 Rd7 26. Qe2 Qc8 27. Qd3 Nxc3 28. bxc3 Rc7 29. Qb1 Rxc3 30. Qxb6 Rc6 31. Qb3 Qd7 32. Rd3 Rd6 33. Qc4 g6 34. h4 h5 35. Kh2 a5 36. Rd1 Rd5 37. f4 Qb7 38. Rd2 Kg7 39. Rc2 Qb1 40. Kg2 Qe1 41. Qd3 Kh7 42. Kh2 Rd6 43. Kg2 Rb6 44. Qe2 Qxe2+ 45. Rxe2 Rb4 46. Re5 Rxa4 47. d5 Ra2+ 48. Kf3 Ra3+ 49. Kf2 exd5 50. Rxd5 f5 51. Rb5 Ra2+ 52. Kf1 a4 53. Rb4 Kg7 54. Rd4 Kf7 55. Kg1 a3 56. Rd3 Ke6 1/2-1/2

[Event "29th Rubinstein Memorial"]
[Site "Polanica Zdroj POL"]
[Date "1992.08.??"]
[Round "8"]
[White "Kuczynski, Robert"]
[Black "Chernin, Alexander"]
[WhiteElo "2525"]
[BlackElo "2600"]
[Result "0-1"]
[EventDate "1992.08.14"]
[PlyCount "96"]
1. e4 d6 2. Nc3 g6 3. d4 Bg7 4. Nf3 Nf6 5. Be2 O-O 6. O-O Bg4 7. Be3 Nc6 8. Qd2 e5 9. d5 Ne7 10. Rad1 Bd7 11. Ne1 b5 12. a3 a5 13. Nd3 Qb8 14. f3 Rd8 15. b4 axb4 16. Nxb4 Rxa3 17. Ra1 Rxa1 18. Rxa1 Be8 19. Ra6 Rc8 20. Nc6 Bxc6 21. dxc6 b4 22. Nb5 d5 23. Bc5 Re8 24. Qxb4 Bf8 25. h3 Nh5 26. Nc3 Qd8 27. exd5 Nxd5 28. Nxd5 Qxd5 29. Bxf8 Rxf8 30. Ra5 Qxc6 31. Rxe5 Qxc2 32. Kh2 Qc6 33. f4 Ng7 34. Bf3 Qf6 35. Bg4 h5 36. Bf3 Ne6 37. Re4 Kg7 38. g3 Rd8 39. h4 c5 40. Qa5 Rb8 41. Bg2 Rb2 42. Qa8 Rd2 43. Qb8 Nd4 44. Re3 Nf5 45. Rf3 Qc6 46. Qe5+ Kh7 47. Qc3 Rxg2+ 48. Kxg2 Nd4 {[Stohl]} 0-1

[Event "29th Rubinstein Memorial"]
[Site "Polanica Zdroj POL"]
[Date "1992.08.??"]
[Round "8"]
[White "Mainka, Romuald"]
[Black "Adorjan, Andras"]
[WhiteElo "2550"]
[BlackElo "2550"]
[Result "0-1"]
[EventDate "1992.08.14"]
[PlyCount "76"]
1. e4 c5 2. Nf3 e6 3. d4 cxd4 4. Nxd4 Nf6 5. Nc3 d6 6. Be2 Be7 7. O-O O-O 8. Be3 a6 9. a4 Nc6 10. f4 Qc7 11. Kh1 Re8 12. Bg1 Rb8 13. Qd3 e5 14. fxe5 dxe5 15. Nf5 Bxf5 16. Rxf5 Nd4 17. Bxd4 exd4 18. Qxd4 Bd6 19. Raf1 Be5 20. Qd3 Bxc3 21. bxc3 Re7 22. R5f4 Rbe8 23. Qc4 Qxc4 24. Bxc4 Rc8 25. Bb3 Rxc3 26. Rd1 Rc8 27. Rd4 Rce8 28. Bd5 Nxd5 29. Rxd5 g6 30. Kg1 Rc8 31. e5 Rxc2 32. h3 Re2 33. Rb4 R2xe5 34. Rxe5 Rxe5 35. Rxb7 Re4 36. a5 Re5 37. g4 Rxa5 38. Rc7 Ra2 {Boensch} 0-1

[Event "29th Rubinstein Memorial"]
[Site "Polanica Zdroj POL"]
[Date "1992.08.??"]
[Round "9"]
[White "Chernin, Alexander"]
[Black "Kaminski, Marcin"]
[WhiteElo "2600"]
[BlackElo "2440"]
[Result "1-0"]
[EventDate "1992.08.14"]
[PlyCount "85"]
1. d4 Nf6 2. c4 g6 3. Nc3 Bg7 4. e4 d6 5. h3 O-O 6. Bg5 h6 7. Be3 c5 8. d5 e6 9. Bd3 exd5 10. cxd5 Na6 11. Qd2 Kh7 12. Nge2 Nc7 13. a4 b6 14. O-O Bd7 15. Rab1 a5 16. Ng3 Re8 17. Kh1 Rb8 18. Qe2 Qc8 19. Kh2 Qb7 20. Qd2 b5 21. axb5 Nxb5 22. Bf4 Qc7 23. Nce2 Na7 24. Rfe1 Rb4 25. Nc3 h5 26. Bg5 Kg8 27. Bh6 Bh8 28. f4 Nh7 29. Kh1 Qd8 30. Nge2 Qh4 31. Ng1 c4 32. Bf1 Nb5 33. Nf3 Qg3 34. Nxb5 Rxb5 35. Nd4 Rb6 36. Re3 Qh4 37. Bxc4 Reb8 38. b3 a4 39. Nc6 Bxc6 40. dxc6 Rxc6 41. Bxf7+ Kxf7 42. Qd5+ Ke7 43. Qxc6 1-0

[Event "29th Rubinstein Memorial"]
[Site "Polanica Zdroj POL"]
[Date "1992.08.??"]
[Round "9"]
[White "Gdanski, Jacek"]
[Black "Cifuentes Parada, Roberto"]
[WhiteElo "2500"]
[BlackElo "2490"]
[Result "1/2-1/2"]
[EventDate "1992.08.14"]
[PlyCount "41"]
1. e4 c5 2. Nf3 Nc6 3. Bb5 e6 4. O-O Nge7 5. c3 a6 6. Ba4 b5 7. Bc2 Bb7 8. a4 Ng6 9. axb5 axb5 10. Rxa8 Bxa8 11. d4 cxd4 12. cxd4 Nb4 13. Nc3 Nxc2 14. Qxc2 b4 15. Nb5 Bc6 16. Na7 Bb7 17. Bg5 f6 18. Be3 Be7 19. Rd1 d5 20. Nc6 Bxc6 21. Qxc6+ 1/2-1/2

[Event "29th Rubinstein Memorial"]
[Site "Polanica Zdroj POL"]
[Date "1992.08.??"]
[Round "10"]
[White "Kuczynski, Robert"]
[Black "Flear, Glenn Curtis"]
[WhiteElo "2525"]
[BlackElo "2505"]
[Result "1/2-1/2"]
[EventDate "1992.08.14"]
[PlyCount "57"]
1. e4 e5 2. Nf3 Nc6 3. Bb5 a6 4. Ba4 Nf6 5. O-O Nxe4 6. d4 b5 7. Bb3 d5 8. dxe5 Be6 9. Be3 Be7 10. c3 Nc5 11. Bc2 Nd7 12. Re1 Ndxe5 13. Nxe5 Nxe5 14. Bd4 Ng6 15. Bxg7 Rg8 16. Bxg6 Rxg7 17. Rxe6 hxg6 18. Re5 c6 19. Nd2 Kf8 20. Nf3 Bf6 21. Re2 Rh7 22. Qd2 Kg7 23. Qf4 Qb8 24. Qg4 Qc8 25. Qf4 Qb8 26. Qg4 Qc8 27. Qg3 Qb8 28. Ne5 Qd6 29. Rae1 1/2-1/2

[Event "29th Rubinstein Memorial"]
[Site "Polanica Zdroj POL"]
[Date "1992.08.??"]
[Round "11"]
[White "Cebalo, Miso"]
[Black "Cifuentes Parada, Roberto"]
[WhiteElo "2500"]
[BlackElo "2490"]
[Result "1/2-1/2"]
[EventDate "1992.08.14"]
[PlyCount "57"]
1. d4 d5 2. Nf3 Nf6 3. c4 e6 4. Nc3 Be7 5. Bg5 O-O 6. e3 Nbd7 7. cxd5 Nxd5 8. Bxe7 Qxe7 9. Rc1 c6 10. Qc2 e5 11. Nxd5 cxd5 12. Be2 e4 13. Nd2 Qg5 14. g3 Nf6 15. h4 Qf5 16. Qc7 Bd7 17. O-O Rfc8 18. Qd6 h6 19. Rc3 Rc6 20. Rxc6 Bxc6 21. b4 Rc8 22. Rc1 Ng4 23. Qf4 Qxf4 24. gxf4 Nf6 25. f3 exf3 26. Bxf3 Kf8 27. Kf2 Ke7 28. Nb3 b6 29. Nd2 1/2-1/2

[Event "29th Rubinstein Memorial"]
[Site "Polanica Zdroj POL"]
[Date "1992.08.??"]
[Round "11"]
[White "Chernin, Alexander"]
[Black "Gdanski, Jacek"]
[WhiteElo "2600"]
[BlackElo "2500"]
[Result "1/2-1/2"]
[EventDate "1992.08.14"]
[PlyCount "40"]
1. d4 Nf6 2. c4 c5 3. d5 g6 4. Nc3 d6 5. e4 Bg7 6. Bd3 O-O 7. h3 e6 8. Nf3 exd5 9. cxd5 b5 10. Nxb5 Re8 11. Nc3 Nxe4 12. Nxe4 f5 13. Bg5 Qd7 14. Nfd2 Ba6 15. Bxa6 Nxa6 16. O-O fxe4 17. Nc4 Nb4 18. Qd2 Nd3 19. Rad1 Ne5 20. Nxe5 Bxe5 {[Stohl]} 1/2-1/2

[Event "29th Rubinstein Memorial"]
[Site "Polanica Zdroj POL"]
[Date "1992.08.??"]
[Round "11"]
[White "Flear, Glenn Curtis"]
[Black "Kaminski, Marcin"]
[WhiteElo "2505"]
[BlackElo "2440"]
[Result "0-1"]
[EventDate "1992.08.14"]
[PlyCount "125"]
1. d4 Nf6 2. c4 g6 3. Nc3 Bg7 4. e4 d6 5. h3 O-O 6. Nf3 e5 7. d5 Nh5 8. Nh2 Qe8 9. Be2 Nf4 10. Bf3 f5 11. g3 Nxh3 12. Bg2 f4 13. Nf3 g5 14. Rxh3 g4 15. Rh1 gxf3 16. Qxf3 Qg6 17. Bh3 Bxh3 18. Rxh3 Nd7 19. Bd2 a6 20. Ke2 Rf7 21. Qh5 fxg3 22. fxg3 Raf8 23. Be3 Nf6 24. Qxg6 hxg6 25. Rh4 Nh5 26. Rg1 Rf3 27. Rg4 Kh7 28. Nd1 Bh6 29. Rg2 Rf1 30. Rh4 Bxe3 31. Nxe3 Rb1 32. Kd3 Kg7 33. Nf5+ gxf5 34. Rxh5 fxe4+ 35. Kxe4 Re1+ 36. Kd3 Rf3+ 37. Kd2 Re4 38. b3 Rd4+ 39. Kc2 b5 40. cxb5 axb5 41. Rgh2 Rxg3 42. Rh7+ Kg6 43. Rxc7 Rxd5 44. Rc8 Kf5 45. Rh6 Rd4 46. a3 Rg2+ 47. Kc3 Rg3+ 48. Kc2 Rdd3 49. a4 bxa4 50. bxa4 Ke4 51. Rc4+ Kd5 52. Rb4 Rh3 53. Rg6 Rdg3 54. Rxg3 Rxg3 55. Kb2 Kc5 56. Rb8 Rg4 57. Kb3 Rg3+ 58. Kb2 d5 59. a5 Rg6 60. Kb3 e4 61. Ka4 e3 62. Rb5+ Kd4 63. Rb6 0-1